Welcome to Marium Abdulla Library

Embrace knowledge with a breath of fresh air.

Browse Collection

Marium Abdulla Library

Walk Through Walls: (Record no. 12105)

MARC details
000 -LEADER
fixed length control field 02089cam a2200409 i 4500
001 - CONTROL NUMBER
control field 12987
003 - CONTROL NUMBER IDENTIFIER
control field OSt
005 - DATE AND TIME OF LATEST TRANSACTION
control field 20260324122632.0
008 - FIXED-LENGTH DATA ELEMENTS--GENERAL INFORMATION
fixed length control field 170213t20162016nyuaf 000 0aeng c
010 ## - LIBRARY OF CONGRESS CONTROL NUMBER
LC control number 2017287154
020 ## - INTERNATIONAL STANDARD BOOK NUMBER
International Standard Book Number 9781101905043
Qualifying information (hardcover)
020 ## - INTERNATIONAL STANDARD BOOK NUMBER
International Standard Book Number 9780804189804
Qualifying information (collector's edition)
035 ## - SYSTEM CONTROL NUMBER
System control number 19491426
035 ## - SYSTEM CONTROL NUMBER
System control number (OCoLC)953164776
040 ## - CATALOGING SOURCE
Original cataloging agency AZZPT
Language of cataloging eng
Transcribing agency AZZPT
Description conventions rda
Modifying agency YDX
-- TOH
-- UPZ
-- ZS3
-- ZHB
-- WIM
-- RB0
-- OSU
-- HEV
-- OCLCO
-- VP@
-- CZA
-- OCLCF
-- CGL
-- CLE
-- IGA
-- FM0
-- CNNGC
-- T3B
-- IXA
-- DLC
042 ## - AUTHENTICATION CODE
Authentication code pcc
043 ## - GEOGRAPHIC AREA CODE
Geographic area code e-yu---
050 00 - LIBRARY OF CONGRESS CALL NUMBER
Classification number N7253.A25
Item number A2 2016
082 ## - DEWEY DECIMAL CLASSIFICATION NUMBER
Edition information 23
Classification number 709.497092 ABR
Item number 12987
100 1# - MAIN ENTRY--PERSONAL NAME
Personal name Abramović, Marina,
245 10 - TITLE STATEMENT
Title Walk Through Walls:
Remainder of title A Memoir/
Statement of responsibility, etc. Marina Abramović, with James Kaplan.
250 ## - EDITION STATEMENT
Edition statement First Edition.
264 #1 - PRODUCTION, PUBLICATION, DISTRIBUTION, MANUFACTURE, AND COPYRIGHT NOTICE
Place of production, publication, distribution, manufacture New York :
Name of producer, publisher, distributor, manufacturer Crown Archetype,
Date of production, publication, distribution, manufacture, or copyright notice [2016]
264 #4 - PRODUCTION, PUBLICATION, DISTRIBUTION, MANUFACTURE, AND COPYRIGHT NOTICE
Date of production, publication, distribution, manufacture, or copyright notice ©2016
300 ## - PHYSICAL DESCRIPTION
Extent viii, 370 pages, 16 unnumbered pages of plates :
Other physical details illustrations (some color) ;
Dimensions 25 cm
336 ## - CONTENT TYPE
Content type term text
Content type code txt
Source rdacontent
337 ## - MEDIA TYPE
Media type term unmediated
Media type code n
Source rdamedia
338 ## - CARRIER TYPE
Carrier type term volume
Carrier type code nc
Source rdacarrier
520 ## - SUMMARY, ETC.
Summary, etc. The child of Communist war-hero parents under Tito's regime in postwar Yugoslavia, Marina Abramović was raised with a relentless work ethic. Even as she was beginning to build an international artistic career, she lived at home under her mother's abusive control, strictly obeying a 10 p.m. curfew. But nothing could quell her insatiable curiosity, her desire to connect with people, or her distinctly Balkan sense of humor -- all of which informs her art and her life. Marina's story, by turns moving, epic, and dryly funny, is a vivid and powerful rendering of the unparalleled life of an extraordinary artist--
Assigning source Adapted from book jacket.
650 #0 - SUBJECT ADDED ENTRY--TOPICAL TERM
Topical term or geographic name entry element Performance artists
Form subdivision Biography.
650 #0 - SUBJECT ADDED ENTRY--TOPICAL TERM
Topical term or geographic name entry element Entertainment
Form subdivision Architects, Photographers
650 #0 - SUBJECT ADDED ENTRY--TOPICAL TERM
Topical term or geographic name entry element Artists
Geographic subdivision Yugoslavia
Chronological subdivision 20th century
700 1# - ADDED ENTRY--PERSONAL NAME
Personal name Kaplan, James,
Dates associated with a name 1951-
906 ## - LOCAL DATA ELEMENT F, LDF (RLIN)
a 7
b cbc
c pccadap
d 2
e ncip
f 20
g y-gencatlg
942 ## - ADDED ENTRY ELEMENTS (KOHA)
Source of classification or shelving scheme Dewey Decimal Classification
Koha item type Book
Suppress in OPAC No
Holdings
Date last seen Total checkouts Full call number Barcode Date last checked out Price effective from Koha item type Lost status Damaged status Not for loan Collection Withdrawn status Home library Current library Shelving location Date acquired Source of acquisition Cost, normal purchase price
01/16/2024 2 709.497092 ABR 12987 01/11/2024 10/26/2021 Book       Fine Arts   Marium Abdulla Library Marium Abdulla Library Non-Ref 09/28/2017 Progressive International 2500.00